|
|
|
|
| LEADER |
00000cam a2200000 7i4500 |
| 001 |
0000004413 |
| 002 |
000004743 |
| 005 |
20060322.0 |
| 020 |
|
|
|a 9679145867
|
| 090 |
0 |
0 |
|a 123.1
|b PER
|
| 245 |
1 |
0 |
|a Musytari :
|b raksasa bertompok
|c Isaac Asimov ; diterjemahkan oleh Zubaidah Abd.Rahman
|
| 260 |
|
|
|a Kuala Lumpur :
|b Federal Publications ,
|c 1993
|
| 300 |
|
|
|a 32p. :
|b ill. ;
|c 26cm.
|
| 490 |
0 |
|
|a Siri Perpustakaan Sistem Suria
|
| 650 |
0 |
0 |
|a Solar system
|x Juvenile literature
|
| 700 |
1 |
|
|a Zubaidah Abd.Rahman ,
|e penterjemah
|
| 999 |
|
|
|a 029478
|b BUKU
|c JUNIOR BOOKS
|e PERPUSTAKAAN KOMUNITI PETALING JAYA
|